Random Provinces and Indigenous regions of Panama on a map - Statistics

General Stats
  • This quiz has been taken 8 times
  • The average score is 5 of 7
Answers on the Map
Answers color-coded by a green-red scale on the quiz's map according to % correct below.
 
Answer Stats
Answer % Correct
Colón
100%
Darién
100%
Emberá
100%
Los Santos
100%
Naso Tjër Di
100%
Panamá
100%
Bocas del Toro
67%
Veraguas
67%
Guna Yala
50%
Herrera
50%
Chiriquí
0%
Coclé
0%
Ngöbe-Buglé
0%
Panamá Oeste
0%
No matching quizzes found
Score Distribution
Percent of People with Each Score
Percentile by Number Answered
Your Score History
You have not taken this quiz